LDS Prophets list - Statistics

General Stats
  • This quiz has been taken 47 times
  • The average score is 16 of 17
Answer Stats
Hint Answer % Correct
10. Joseph Fielding Smith
100%
6. Joseph F. Smith
100%
1. Joseph Smith
100%
2. Brigham Young
97%
5. Lorenzo Snow
97%
17. Russell M. Nelson
97%
16. Thomas S. Monson
97%
14. Howard W. Hunter
95%
9 David O. McKay
92%
13. Ezra Taft Benson
92%
15. Gordon B. Hinckley
92%
12. Spencer W. Kimball
92%
4. Wilford Woodruff
92%
8. George Albert Smith
89%
3. John Taylor
89%
7. Heber J. Grant
84%
11. Harold B. Lee
81%
No matching quizzes found
Score Distribution
Percent of People with Each Score
Percentile by Number Answered
Your Score History
You have not taken this quiz